000 00265nam a2200109Ia 4500
008 190911s9999||||xx |||||||||||||| ||und||
100 _aSchalkoff,Robert J.
245 0 _aArtificial Neural Networks
260 _aNew york
_bPearson
_c1997
300 _a422
942 _cBK
999 _c6724
_d6724